Nanotechnology, the brain, and the future (رقم التسجيلة. 36148)

تفاصيل مارك
000 -الفاتح
حقل البيانات ثابتة الطول 01511cam a22004097a 4500
001 - رقم الضبط
رقم الضبط 10191336
003 - محدد رقم الضبط
رقم الضبط OSt
005 - وقت وتاريخ اخر تعامل مع التسجيلة
رقم الضبط 20150408114228.0
006 - عناصر البيانات ثابتة الطول - خصائص المادة الاضافية-معلومات عامة
حقل البيانات ثابتة الطول m d
007 - الحقل الثابت للوصف المادى- معلومات عامة
حقل البيانات ثابتة الطول cr n
008 - عناصر البيانات ثابتة الطول - معلومات عامة
حقل البيانات ثابتة الطول 110423s2013 ne a sb 001 0 eng d
020 ## - الرقم الدولى المعيارى للكتب
الرقم الدولى المعيارى للكتاب 9789400717862
020 ## - الرقم الدولى المعيارى للكتب
الرقم الدولى المعيارى للكتاب 9789400717879 (electronic bk.)
020 ## - الرقم الدولى المعيارى للكتب
الرقم الدولى المعيارى للكتاب 9400717873 (electronic bk.)
020 ## - الرقم الدولى المعيارى للكتب
الرقم الدولى المعيارى للكتاب 9400717865
035 ## - رقم ضبط النظام
رقم ضبط النظام (WaSeSS)ssj0000741521
040 ## - مصدر الفهرسة
وكالة الفهرسة الأصلية IXA
لغة الفهرسة eng
وكالة النسخ IXA
وكالة التعديل DLC
-- WaSeSS
042 ## - رمز التحقق
رمز التحقق lccopycat
050 #4 - رقم طلب مكتبة الكونجرس
رقم التصنيف T174.7
رقم المادة .N34558 2013
050 #4 - رقم طلب مكتبة الكونجرس
رقم التصنيف T174.7
082 ## - رقم تصنيف ديوى العشرى
رقم الطبعة 23
رقم التصنيف 612.8233
رقم المادة NAB
210 10 - العنوان المختصر
العنوان المختصر Nanotechnology, the brain, and the future
245 00 - بيان العنوان
العنوان Nanotechnology, the brain, and the future
الوسيط [electronic resource] /
بيان المسئوليه,etc Sean A. Hays...editors.
260 ## - PUBLICATION, DISTRIBUTION, ETC. (IMPRINT)
مكان الناشر او الموزع Dordrecht ;
-- New York :
اسم الناشر او الموزع Springer,
تاريخ النشر أو التوزيع c2013.
490 1# - بيان السلسلة
عنوان السلسلة Yearbook of nanotechnology in society ;
رقم المجلد/ التعيين التسلسلي v.3
504 ## - تبصرة ببليوجرافية
تبصرة ببليوجرافية,الخ Includes bibliographical references and index.
506 ## - تبصرة قيود الاتاحة
قيود الإتاحة License restrictions may limit access.
650 #0 - المدخل الاضافى بالموضوع-مصطلح موضوعى
مصطلح موضوعي أو اسم جغرافي كعنصر مدخل Nanotechnology.
650 #0 - المدخل الاضافى بالموضوع-مصطلح موضوعى
مصطلح موضوعي أو اسم جغرافي كعنصر مدخل Nanotechnology
التقسيم الفرعي العام Philosophy.
650 #0 - المدخل الاضافى بالموضوع-مصطلح موضوعى
مصطلح موضوعي أو اسم جغرافي كعنصر مدخل Neurosciences
التقسيم الفرعي العام Philosophy.
700 1# - المدخل الاضافى - اسم شخصى
الإسم الشخصى Hays, Sean A.
773 #0 - مدخل المادة المضيفة
العنوان SpringerLink ebooks - Humanities, Social Sciences and Law (2013)
830 #0 - المدخل الاضافى بالسلسلة -عنوان موحد
عنوان موحد Yearbook of nanotechnology in society ;
رقم المجلد/ التعيين التسلسلي v.3.
856 40 - الوصول و الموقع الالكترونى
معرف المصدر الموحد <a href="http://www.columbia.edu/cgi-bin/cul/resolve?clio10191336">http://www.columbia.edu/cgi-bin/cul/resolve?clio10191336</a>
تبصرة عامة Full text available from SpringerLink ebooks - Humanities, Social Sciences and Law (2013)
910 ## - بيانات اختيارية للمستخدم
User-option data Library of Congress record
942 ## - عناصر المدخل الإضافي( كوها)
مصدر التصنيف او مخطط الترفيف Dewey Decimal Classification
Koha [default] item type كتاب
المقتنيات
حالة الفقد نموذج السعر الفعال حالة تلف ليس للاعارة رقم الطلب تاريخ الاكتساب الموقع الحالي الباركود الفرع الرئيسي Date last seen نوع المادة فى نظام كوها مصدر التصنيف او خطة الترفيف Total Checkouts
  2014-10-23     612.8233 NAB 2014-10-23 المكتبة المركزية بالمجمعة (CL) 00405436 المكتبة المركزية بالمجمعة (CL) 2014-10-23 كتاب Dewey Decimal Classification  
  2014-10-23     612.8233 NAB 2014-10-23 المكتبة المركزية بالمجمعة (CL) 00405437 المكتبة المركزية بالمجمعة (CL) 2014-10-23 كتاب Dewey Decimal Classification  
  2014-10-23     612.8233 NAB 2014-10-23 المكتبة المركزية بالمجمعة (CL) 00405438 المكتبة المركزية بالمجمعة (CL) 2014-10-23 كتاب Dewey Decimal Classification